Pañjābakesarī Lālā Lājapatarāya; (Record no. 76754)

MARC details
000 -LEADER
fixed length control field 00749cam a22002291 4500
001 - CONTROL NUMBER
control field sa 67007729
003 - CONTROL NUMBER IDENTIFIER
control field DLC
005 - DATE AND TIME OF LATEST TRANSACTION
control field 20260227112418.0
008 - FIXED-LENGTH DATA ELEMENTS--GENERAL INFORMATION
fixed length control field 870413s1965 ii 000 0bhin
010 ## - LIBRARY OF CONGRESS CONTROL NUMBER
LC control number sa 67007729
035 ## - SYSTEM CONTROL NUMBER
System control number (OCoLC)15525790
040 ## - CATALOGING SOURCE
Original cataloging agency DLC
Transcribing agency NRU
Modifying agency NRU
-- DLC
042 ## - AUTHENTICATION CODE
Authentication code premarc
050 00 - LIBRARY OF CONGRESS CALL NUMBER
Classification number DS479.1.L27
Item number V3
100 1# - MAIN ENTRY--PERSONAL NAME
Personal name Varmā, Mukuṭabihārī.
245 10 - TITLE STATEMENT
Title Pañjābakesarī Lālā Lājapatarāya;
Remainder of title eka mahāna deśa-bhakta kī preraṇādāyaka jīvanī.
Statement of responsibility, etc. [Lekhaka] Mukuṭabihārī Varmā.
260 ## - PUBLICATION, DISTRIBUTION, ETC.
Place of publication, distribution, etc. Naī Dillī,
Name of publisher, distributor, etc. Sastā Sahitya Maṇḍala,
Date of publication, distribution, etc. 1965.
300 ## - PHYSICAL DESCRIPTION
Extent 80 p.
Dimensions 19 cm.
500 ## - GENERAL NOTE
General note At head of title: Satsāhitya Prakāśana.
500 ## - GENERAL NOTE
General note In Hindi.
600 00 - SUBJECT ADDED ENTRY--PERSONAL NAME
Personal name Lajpat Rai,
Titles and other words associated with a name Lala,
Dates associated with a name 1865-1928.

No items available.

Powered by Koha